Countries with Uzbek Embassies - Statistics

General Stats
  • This quiz has been taken 31 times
  • The average score is 32 of 36
Answer Stats
Continent Country % Correct
Europe France
100%
Europe Germany
100%
Asia/ Europe Russia
100%
Asia/ Europe Turkey
100%
Asia Turkmenistan
100%
Europe United Kingdom
100%
North America United States of America
100%
Europe Belgium
96%
Asia India
96%
Asia Iran
96%
Europe Italy
96%
Europe Poland
96%
Asia Afghanistan
93%
Asia Azerbaijan
93%
Europe Belarus
93%
Asia China
93%
Asia Japan
93%
Asia Kazakhstan
93%
Asia Kyrgyzstan
93%
Europe Ukraine
93%
Asia United Arab Emirates
93%
Europe Spain
89%
Africa Egypt
85%
Europe Greece
85%
Asia Pakistan
85%
Asia South Korea
85%
Asia Tajikistan
85%
Europe Austria
81%
Asia Indonesia
81%
Asia Israel
81%
Europe Latvia
74%
Asia Singapore
74%
Asia Thailand
74%
Asia Malaysia
70%
Asia Kuwait
67%
Asia Oman
63%
No matching quizzes found
Score Distribution
Percent of People with Each Score
Percentile by Number Answered
Your Score History
You have not taken this quiz